| 000 | 00655nam a2200205 i 4500 | ||
|---|---|---|---|
| 001 | 129414 | ||
| 003 | ES-MaACL | ||
| 005 | 20230906193509.0 | ||
| 007 | t| | ||
| 008 | 070614s1916 fr |||| | fre d | ||
| 100 | 1 |
_aThèry, Edmond. _9109907 |
|
| 245 | 1 | 0 |
_aLes problemes economiques de la guerre / _cEdmond Thèry. |
| 260 |
_aParís : _b[s.n.], _c1916 ( _fLapina) |
||
| 300 |
_a176 p. ; _c19 cm. |
||
| 490 | 1 | _aÉtudes économiques et financières | |
| 650 | 4 |
_aGuerra mundial, 1914-1918- _xAspectos económicos- _zFrancia. _9156040 |
|
| 830 | 0 |
_aÉtudes économiques et financières _9188612 |
|
| 852 |
_aES-MaACL _jF-4498 |
||
| 999 |
_c129414 _d129414 |
||